000 00593nam a2200193Ia 4500
005 20260601193221.0
008 260601s9999||||xx |||||||||||||| ||und||
020 _a978-3-031-45605-3
_qebk
100 _aBin Duo
245 0 _aSecuring Unmanned Aerial Vehicle Networks
250 _a1st ed. 2024
260 _aHeidelberg, Germany
_bSpringer Nature
_c2024
440 _aSpringerBriefs in Computer Science
650 _aComputer Science
700 _aXiaojun Yuan
700 _aYifan Liu
856 _uhttps://link.springer.com/openurl?genre=book&isbn=978-3-031-45605-3
942 _cEB
_2ddc
999 _c55807
_d55807